00944nam a2200217 a 450000100100000000500170001000800410002704000250006808200180009310000440011124501510015526000450030630000350035150400320038659000260041865000760044470000360052091000370055695201160059399900170070900002384220200930022516.0110114s1983 dr ac 000 0 spa d aDO-SdBNPbspacBNPHU a291.61bC183m1 aCamilo González, Antoniod1938-9830913aEl marco histórico de la pastoral dominicana :ben los 300 años de la paroquia de Bani /cAntonio Camilo González ; prólogo Lucas Lafleur. aSanto Domingo :bAmigo del Hogar,c1983. a311 p. :bil., retr. ;c29 cm. aBibliografía : p. 309-311 aInventariado, 2018/VM 4aTeología pastoralzRepública DominicanaxHistoriay1500-196194905612aLafleur, Lucas,epról.949057 aValidado. Control de calidad MFF 0010718PDaPDbPDcHDd2011-01-14iLF1l0o291.61 C183mp23842-10r2020-06-25w2020-06-25yLFPDZNo se presta c23338d23338